| 000 | 00476nam a2200193Ia 4500 | ||
|---|---|---|---|
| 008 | 210210b2013 xxu||||| |||| 00| 0 eng d | ||
| 020 | _a9789381335147 | ||
| 041 | _aeng | ||
| 082 | _a001.64 WADF | ||
| 100 | _aWADHWA (Manoj) | ||
| 245 | _aFundamental of computers | ||
| 260 |
_aAhmedabad _bInternational Book House Pvt. Ltd. _c2013 |
||
| 300 | _a288 | ||
| 650 | _aof | ||
| 650 | _aFundamental | ||
| 650 | _acomputers | ||
| 690 | _aComputer Science | ||
| 906 | _a069125 | ||
| 999 |
_c153231 _d153231 |
||